Score 0/30 Timer 05:00
2 Plays Today
% Correct
Rubik’s Cube: Not a Flop
97.7%
Play-Doh: Not a Flop
96%
The Frisbee: Not a Flop
95.4%
Volkswagen Beetle: Not a Flop
93.3%
Sony Playstation: Not a Flop
93.2%
Hula-Hoop: Not a Flop
93%
George Foreman Grill: Not a Flop
92.8%
Sony Walkman: Not a Flop
92.6%
Bottled Water for Pets: Flop
91.4%
Cheetos Lip Balm: Flop
90.5%
Bic Disposable Underwear: Flop
90.1%
Life Savers Soda: Flop
89.6%
Viagra: Definitely not a Flop
89.3%
DeLorean: Flop
87.4%
Colgate Kitchen Entrees: Flop
86.8%
% Correct
Cocaine Energy Drink: Flop
85.9%
Crystal Pepsi: Flop
84.8%
Paul Newman's Own Salad Dressings: Not a Flop
83.7%
Clairol Touch of Yogurt Shampoo: Flop
83.2%
Earring Magic Ken: Flop
81.9%
Ginsu Knives: Not a Flop
81.5%
Harley Davidson Perfume: Flop
79.1%
Maxwell House Ready to Drink Coffee: Flop
79.1%
Elizabeth Taylor White Diamonds Perfume: Not a Flop
75.3%
The Total Gym: Not a Flop
73.8%
New Coke: Flop
71.8%
The Snuggie: Not a Flop
70.2%
Ben-Gay Aspirin: Flop
66.1%
The Pet Rock: Not a Flop
63.3%
Kellogg's Breakfast Mates: Flop
58.4%
Remove Ads.
Support Sporcle.
Get the best of Sporcle when you Go Orange. This ad-free experience offers more features, more stats, and more fun while also helping to support Sporcle. Thank you for becoming a member.

You're not logged in!

Compare scores with friends on all Sporcle quizzes.
OR
Log In

Show Comments

Extras

Top Quizzes Today


Score Distribution

Your Account Isn't Verified!

In order to create a playlist on Sporcle, you need to verify the email address you used during registration. Go to your Sporcle Settings to finish the process.

Report this User

Report this user for behavior that violates our Community Guidelines.

Details: